| 000 | 00493nam a2200157 i 4500 | ||
|---|---|---|---|
| 001 | 54063 | ||
| 003 | ES-MaACL | ||
| 007 | t| | ||
| 008 | 031124s1887 sp ||||1| spa d | ||
| 100 | 1 |
_aFerrer y Rivero, Pedro. _950513 |
|
| 245 | 1 | 0 |
_aTratado de legislación de primera enseñanza vigente en España / _cpor Pedro Ferrer y Rivero. |
| 250 | _a5ª ed. | ||
| 260 |
_aMadrid : _bLibrería de la Viuda de Hernando y Cª, _c1887. |
||
| 300 |
_aXVI, 476 p. ; _c22 cm. |
||
| 852 |
_aES-MaACL _jB-8921 |
||
| 999 |
_c54063 _d54063 |
||